Pobreza y desigualdades sociales: una visión desde el género /
Furkejuvvon:
| Váldodahkki: | |
|---|---|
| Materiálatiipa: | Texto |
| Fáttát: | |
| Fáddágilkorat: |
Lasit fáddágilkoriid
Eai fáddágilkorat, Lasit vuosttaš fáddágilkora!
|
MARC
| LEADER | 00000 a a2200000 04500 | ||
|---|---|---|---|
| 001 | 11679 | ||
| 003 | |||
| 040 | |||
| 100 | |a Batthyány, Karina | ||
| 245 | |a Pobreza y desigualdades sociales: |b una visión desde el género / |c Karina Batthyány | ||
| 650 | |a POBREZA | ||
| 650 | |a DESIGUALDAD SOCIAL | ||
| 650 | |a GENERO | ||
| 650 | |a CONDICIONES DE TRABAJO | ||
| 773 | |g volumen 14, número 57; páginas 193-207 | ||
| 999 | |c 33707 |d 33707 | ||
